[Event "Wch Seniors (Women) 23rd 2013"]
[Site "Opatija"]
[Date "2013.11.18"]
[Round "6.10"]
[White "Beliaeva, Natalia"]
[Black "Lauterbach, Ingrid"]
[Result "0-1"]
[WhiteElo "2027"]
[BlackElo "2132"]
[PlyCount "106"]
[EventDate "2013.11.12"]
[EventRounds "9"]
[EventCountry "CRO"]

1. d4 g6 2. Nf3 Bg7 3. c4 d6 4. g3 Nd7 5. Nc3 e5 6. e4 Ne7 7. Bg2 O-O 8. O-O
exd4 9. Nxd4 Nc6 10. Nxc6 bxc6 11. f4 Ba6 12. Qa4 Nc5 13. Qxc6 Bxc4 14. Rd1 Ba6
15. e5 Bb7 16. Qxc5 Bxg2 17. exd6 Bf3 18. dxc7 Qe8 19. Rf1 Bc6 20. Nd5 Bxd5 21.
Qxd5 Rc8 22. f5 Rxc7 23. f6 Bxf6 24. Rxf6 Rxc1+ 25. Rxc1 Qe3+ 26. Rf2 Qxc1+ 27.
Kg2 Qc7 28. Rd2 Re8 29. b4 Qc3 30. b5 Re5 31. Qd8+ Kg7 32. a4 Re4 33. a5 Rb4
34. Rd3 Qe5 35. Rd2 Rxb5 36. a6 Qe4+ 37. Kg1 Rb1+ 38. Rd1 Qe3+ 39. Kf1 Qf3+ 40.
Ke1 Qh1+ 41. Ke2 Qxd1+ 42. Qxd1 Rxd1 43. Kxd1 f5 44. Ke2 Kf6 45. Ke3 Ke5 46.
Kd3 g5 47. h3 f4 48. gxf4+ Kxf4 49. Kc4 Kg3 50. Kb5 Kxh3 51. Kc6 g4 52. Kb7 g3
53. Kxa7 g2 0-1

[Event "Wch Seniors (Women) 23rd 2013"]
[Site "Opatija"]
[Date "2013.11.18"]
[Round "6.11"]
[White "Afanasieva, Elena"]
[Black "Hoose, Hannelore"]
[Result "0-1"]
[WhiteElo "1625"]
[BlackElo "1740"]
[PlyCount "162"]
[EventDate "2013.11.12"]
[EventRounds "9"]
[EventCountry "CRO"]

1. e4 e6 2. Nf3 c5 3. d4 cxd4 4. Nxd4 Nc6 5. Nxc6 bxc6 6. Bd3 Be7 7. O-O Nf6 8.
b3 O-O 9. Bb2 d6 10. Nd2 Nd7 11. Nc4 d5 12. Ne5 Nxe5 13. Bxe5 Bf6 14. exd5 cxd5
15. Qh5 g6 16. Bxf6 Qxf6 17. Qh6 a5 18. a4 Qc3 19. Rad1 Ba6 20. Qd2 Rfc8 21.
Bxa6 Rxa6 22. Qxc3 Rxc3 23. Rd2 Rac6 24. Rc1 Rxb3 25. Ra1 Rb4 26. f3 Rcc4 27.
Ra3 Rxa4 28. Rb3 Rab4 29. Ra3 Rb5 30. c3 Rbc5 31. Rda2 Rxc3 32. Rxa5 Rxa5 33.
Rxa5 Rc2 34. h3 h5 35. Ra4 Kg7 36. h4 Kf6 37. Kh2 Rc4 38. Ra7 Rxh4+ 39. Kg3 Rc4
40. f4 Rc8 41. Rd7 Rf8 42. Kh4 Kf5 43. g3 Kf6 44. Rd6 Rc8 45. Rd7 Rc1 46. Kh3
Rd1 47. Kg2 Rd4 48. Kf3 Rd3+ 49. Kf2 Rc3 50. Kg2 Rc8 51. Kh3 Rf8 52. Kh4 Re8
53. Kh3 Re7 54. Rd6 Kf5 55. Rd8 f6 56. Kg2 Rh7 57. Kf3 g5 58. fxg5 Kxg5 59.
Rg8+ Kf5 60. Rd8 Rg7 61. Rh8 Rg5 62. Rd8 Ke5 63. Rd7 Rf5+ 64. Ke3 Rf1 65. Ke2
Rh1 66. Kf2 f5 67. Rh7 Rc1 68. Rxh5 Rc4 69. Rh1 Re4 70. Rd1 d4 71. Kf3 Re3+ 72.
Kf2 Ke4 73. Rh1 Kd3 74. Rd1+ Kc3 75. Kg2 d3 76. Kf2 Re4 77. Rc1+ Kd2 78. Ra1
Rc4 79. Re1 Kc2 80. Rxe6 d2 81. Re2 Re4 0-1

[Event "Wch Seniors (Women) 23rd 2013"]
[Site "Opatija"]
[Date "2013.11.18"]
[Round "6.12"]
[White "Korneeva, Tamara"]
[Black "Arginbayeva, Maryana"]
[Result "1-0"]
[WhiteElo "1757"]
[BlackElo "1518"]
[PlyCount "154"]
[EventDate "2013.11.12"]
[EventRounds "9"]
[EventCountry "CRO"]

1. Nf3 e6 2. c4 Nf6 3. Nc3 Nc6 4. g3 Bb4 5. Bg2 O-O 6. O-O Bxc3 7. bxc3 d5 8.
cxd5 exd5 9. a4 a5 10. Ba3 Re8 11. Rb1 Rb8 12. d3 Bg4 13. Qc2 h6 14. e3 Qd7 15.
c4 Bh3 16. Bb2 Qe6 17. Bxf6 Qxf6 18. cxd5 Nb4 19. Qxc7 b6 20. Qc4 Bc8 21. Rfd1
Ba6 22. Qb3 Rbc8 23. Nd4 Bb7 24. Rd2 Rc5 25. Nb5 Bxd5 26. Bxd5 Nxd5 27. d4 Rcc8
28. Qxd5 Rcd8 29. Qb3 Qf3 30. d5 Qf6 31. d6 Rd7 32. Rbd1 Rc8 33. Nc7 Rb8 34.
Nd5 Qe6 35. Qa2 Kh8 36. Nc7 Qe4 37. Rd4 Qf3 38. Qd5 Qxd5 39. Rxd5 g6 40. R1d4
Kg7 41. Re5 Rbd8 42. Nb5 Kf8 43. Red5 f6 44. Rf4 Kg7 45. Rc4 g5 46. Rc6 Rb8 47.
Rc7 Rbd8 48. Rxd7+ Rxd7 49. e4 g4 50. Kg2 Kg6 51. h3 h5 52. hxg4 hxg4 53. f3
gxf3+ 54. Kxf3 Kf7 55. Rh5 Ke6 56. Kf4 Rf7 57. Rh8 Kd7 58. Kf5 Rg7 59. g4 Rg5+
60. Kxf6 Rxg4 61. Rh7+ Kd8 62. Ke5 Rg8 63. Rb7 Re8+ 64. Kd5 Rxe4 65. Kxe4 Kc8
66. Rc7+ Kd8 67. Kd5 Ke8 68. Kc6 Kd8 69. Kxb6 Ke8 70. Kb7 Kd8 71. Na7 Ke8 72.
d7+ Kf7 73. d8=Q+ Ke6 74. Re7+ Kf6 75. Re1+ Kf7 76. Qe8+ Kf6 77. Rf1+ Kg5 1-0

[Event "Wch Seniors (Women) 23rd 2013"]
[Site "Opatija"]
[Date "2013.11.19"]
[Round "7.1"]
[White "Ankudinova, Yelena"]
[Black "Khmiadashvili, Tamar"]
[Result "1-0"]
[WhiteElo "2121"]
[BlackElo "2158"]
[PlyCount "71"]
[EventDate "2013.11.12"]
[EventRounds "9"]
[EventCountry "CRO"]

1. c4 e5 2. Nc3 Nc6 3. Nf3 Nge7 4. d4 exd4 5. Nxd4 Nxd4 6. Qxd4 Nc6 7. Qd2 Bc5
8. g3 O-O 9. Bg2 a5 10. O-O d6 11. b3 Be6 12. h3 f5 13. e3 Bb4 14. Bb2 Qg5 15.
a3 Bxc3 16. Qxc3 Rf6 17. b4 axb4 18. axb4 Raf8 19. b5 Nd8 20. c5 Rg6 21. cxd6
cxd6 22. Ra8 f4 23. exf4 Qxb5 24. Re1 Qd7 25. Qd4 Bxh3 26. Bd5+ Kh8 27. Qe3 h5
28. Qe7 Qxe7 29. Rxe7 Bf5 30. Rxb7 Re8 31. Rbb8 Re1+ 32. Kg2 Rge6 33. Rxd8+ Kh7
34. Bxe6 Be4+ 35. f3 Re2+ 36. Kf1 1-0

[Event "Wch Seniors (Women) 23rd 2013"]
[Site "Opatija"]
[Date "2013.11.19"]
[Round "7.3"]
[White "Melashvili, Nino"]
[Black "Fatalibekova, Elena"]
[Result "0-1"]
[WhiteElo "2126"]
[BlackElo "2252"]
[PlyCount "100"]
[EventDate "2013.11.12"]
[EventRounds "9"]
[EventCountry "CRO"]

1. Nf3 c5 2. c4 Nf6 3. Nc3 d5 4. cxd5 Nxd5 5. g3 Nc6 6. Bg2 Nc7 7. O-O e5 8.
Rb1 Be7 9. a3 f6 10. b4 O-O 11. b5 Nd4 12. Ne1 Rb8 13. e3 Nde6 14. Qa4 a6 15.
b6 Nb5 16. Nxb5 Bd7 17. Qb3 axb5 18. Qd5 Kh8 19. Bh3 f5 20. Qxe5 Qxb6 21. Bb2
Bf6 22. Qd5 Bxb2 23. Rxb2 Qc6 24. Qe5 Ng5 25. Bg2 Qf6 26. Nd3 c4 27. Qxf6 Rxf6
28. Ne5 Be8 29. d3 cxd3 30. Nxd3 Ra6 31. Ra1 Rd6 32. Ne5 Ne4 33. g4 Rd5 34. f4
g6 35. gxf5 gxf5 36. Bh3 Nd6 37. Kh1 Nc4 38. Bg2 Rxe5 39. fxe5 Nxb2 40. e4 fxe4
41. e6 Kg7 42. Rf1 Bc6 43. Rf7+ Kg6 44. Bh3 e3+ 45. Kg1 Rd8 46. Bf5+ Kg5 47.
h4+ Kxh4 48. Rxh7+ Kg5 49. Bc2 Rd2 50. Bb3 e2 0-1

[Event "Wch Seniors (Women) 23rd 2013"]
[Site "Opatija"]
[Date "2013.11.19"]
[Round "7.4"]
[White "Khropova, Larisa"]
[Black "Bogumil, Tatiana"]
[Result "1/2-1/2"]
[WhiteElo "2009"]
[BlackElo "2074"]
[PlyCount "92"]
[EventDate "2013.11.12"]
[EventRounds "9"]
[EventCountry "CRO"]

1. c4 Nf6 2. Nc3 e5 3. Nf3 d6 4. d3 g6 5. g3 Bg7 6. Bg2 O-O 7. O-O c6 8. e4 Re8
9. h3 a5 10. Re1 Na6 11. d4 exd4 12. Nxd4 Nc5 13. Nb3 Ne6 14. Be3 a4 15. Nd4
Nc5 16. Qc2 Nfd7 17. Rad1 Qa5 18. Nce2 Ne5 19. Bd2 Qa6 20. b3 Ned3 21. Rf1 axb3
22. axb3 Qb6 23. Bc3 Nb4 24. Qb1 Bd7 25. Nc1 Nca6 26. Nde2 Bf8 27. Ba1 Nc5 28.
Bd4 Qc7 29. Nc3 Ne6 30. Bf6 Ng7 31. Qb2 Nh5 32. Bd4 Qc8 33. Kh2 Qd8 34. Qd2 Qe7
35. Rfe1 Be6 36. N3e2 c5 37. Bb2 Nc6 38. f4 f5 39. exf5 gxf5 40. Nc3 Qf7 41.
Nd5 Bg7 42. Qf2 Nd4 43. Ne3 Rad8 44. Bh1 b5 45. Nd5 bxc4 46. bxc4 Rb8 1/2-1/2

[Event "Wch Seniors (Women) 23rd 2013"]
[Site "Opatija"]
[Date "2013.11.19"]
[Round "7.5"]
[White "Strutinskaya, Galina N"]
[Black "Milligan, Helen"]
[Result "1-0"]
[WhiteElo "2299"]
[BlackElo "1977"]
[PlyCount "119"]
[EventDate "2013.11.12"]
[EventRounds "9"]
[EventCountry "CRO"]

1. d4 Nf6 2. c4 g6 3. Nc3 Bg7 4. g3 d6 5. Bg2 Nbd7 6. Nf3 O-O 7. O-O e5 8. e4
c6 9. b3 Re8 10. Be3 exd4 11. Nxd4 Nc5 12. f3 a5 13. Qd2 Qe7 14. Rfe1 Nfd7 15.
h3 Ne5 16. Re2 Qf8 17. Rd1 f6 18. Kh2 Nf7 19. f4 Bd7 20. Bf2 Rad8 21. Bf3 Bc8
22. Nb1 f5 23. exf5 Rxe2 24. Nxe2 Bxf5 25. Qxa5 Ra8 26. Qd2 Ne4 27. Bxe4 Bxe4
28. Nbc3 Ng5 29. Ng1 Nf3+ 30. Nxf3 Bxf3 31. Re1 Re8 32. Re3 Rxe3 33. Qxe3 Bxc3
34. Qxf3 Qf6 35. Qe4 Kf7 36. Kg2 h5 37. Kf3 Bb2 38. g4 Qc3+ 39. Kg2 hxg4 40.
hxg4 Qf6 41. Be3 Qh4 42. f5 Be5 43. fxg6+ Kg7 44. Bf2 Qh2+ 45. Kf1 Qf4 46. Qxf4
Bxf4 47. Ke2 Kxg6 48. Kf3 Bc1 49. a4 d5 50. cxd5 cxd5 51. b4 Kf6 52. Bd4+ Ke6
53. b5 Bd2 54. Bb6 d4 55. Ke4 Kd7 56. Bxd4 Kc7 57. Be3 Bc3 58. g5 Bg7 59. Bd4
Bf8 60. Kd5 1-0

[Event "Wch Seniors (Women) 23rd 2013"]
[Site "Opatija"]
[Date "2013.11.19"]
[Round "7.8"]
[White "Baliuniene, Margarita"]
[Black "Lauterbach, Ingrid"]
[Result "1-0"]
[WhiteElo "1885"]
[BlackElo "2132"]
[PlyCount "65"]
[EventDate "2013.11.12"]
[EventRounds "9"]
[EventCountry "CRO"]

1. d4 d6 2. c4 e5 3. dxe5 dxe5 4. Qxd8+ Kxd8 5. Nc3 Be6 6. e4 c6 7. Nf3 f6 8.
Be3 Kc7 9. a3 a5 10. Be2 Nd7 11. O-O g6 12. Nd2 h5 13. Rab1 Nh6 14. b4 axb4 15.
axb4 Ra3 16. Rfc1 f5 17. f3 fxe4 18. Ndxe4 Nf5 19. Bg5 Nd4 20. b5 Nc5 21. Bf1
Nxe4 22. Nxe4 Rg8 23. b6+ Kb8 24. Bf6 Bg7 25. Be7 Ra2 26. Bd6+ Kc8 27. Bc7 Bh6
28. Rd1 Be3+ 29. Kh1 Nf5 30. Bxe5 Bxb6 31. Rxb6 Ne3 32. Nd6+ Kd8 33. Bf6+ 1-0

[Event "Wch Seniors (Women) 23rd 2013"]
[Site "Opatija"]
[Date "2013.11.19"]
[Round "7.10"]
[White "Khalturina, Tatiana"]
[Black "Hoose, Hannelore"]
[Result "1/2-1/2"]
[WhiteElo "1823"]
[BlackElo "1740"]
[PlyCount "37"]
[EventDate "2013.11.12"]
[EventRounds "9"]
[EventCountry "CRO"]

1. d4 e6 2. c4 c6 3. Nc3 Nf6 4. Nf3 d6 5. e3 Be7 6. Bd3 Na6 7. a3 c5 8. O-O Nc7
9. e4 cxd4 10. Nxd4 e5 11. Nc2 Ne6 12. b4 Bd7 13. Nd5 O-O 14. Kh1 Re8 15. f4
Nxd5 16. exd5 Nxf4 17. Bxf4 exf4 18. Rxf4 Bf6 19. Rb1 1/2-1/2

[Event "Wch Seniors (Women) 23rd 2013"]
[Site "Opatija"]
[Date "2013.11.19"]
[Round "7.11"]
[White "Korneeva, Tamara"]
[Black "Afanasieva, Elena"]
[Result "1/2-1/2"]
[WhiteElo "1757"]
[BlackElo "1625"]
[PlyCount "38"]
[EventDate "2013.11.12"]
[EventRounds "9"]
[EventCountry "CRO"]

1. c4 Nf6 2. Nc3 d6 3. d3 g6 4. g3 Bg7 5. Bg2 O-O 6. Nf3 c6 7. O-O e5 8. d4 Re8
9. dxe5 dxe5 10. Qc2 Bf5 11. e4 Qc7 12. exf5 Nbd7 13. Be3 Rad8 14. b4 a6 15. a4
c5 16. b5 a5 17. Nd2 b6 18. Nde4 Qb8 19. Nxf6+ Nxf6 1/2-1/2

[Event "Wch Seniors (Women) 23rd 2013"]
[Site "Opatija"]
[Date "2013.11.20"]
[Round "8.1"]
[White "Fatalibekova, Elena"]
[Black "Ankudinova, Yelena"]
[Result "1/2-1/2"]
[WhiteElo "2252"]
[BlackElo "2121"]
[PlyCount "139"]
[EventDate "2013.11.12"]
[EventRounds "9"]
[EventCountry "CRO"]

1. Nf3 d5 2. d4 Nf6 3. c4 c6 4. Qc2 dxc4 5. Qxc4 Bf5 6. g3 e6 7. Bg2 Nbd7 8.
O-O Be7 9. Nc3 O-O 10. Rd1 Bc2 11. a4 Nb6 12. Qa2 Bxd1 13. Nxd1 a5 14. Qb3 Nfd5
15. e4 Nb4 16. Nc3 c5 17. Be3 Rc8 18. dxc5 Bxc5 19. Bxc5 Rxc5 20. Rd1 Qe7 21.
Na2 Nxa2 22. Qxb6 Nb4 23. h4 Qc7 24. Qxc7 Rxc7 25. Bf1 Rfc8 26. Kg2 Kf8 27. b3
Ke7 28. Bc4 f6 29. e5 Rxc4 30. bxc4 Rxc4 31. Kf1 Nd5 32. Ra1 Rc2 33. Nd4 Rb2
34. exf6+ Kxf6 35. Nb5 Nb6 36. Nc3 Rc2 37. Ne4+ Ke5 38. Ng5 Rc4 39. Re1+ Kd5
40. Nxe6 Nxa4 41. Nxg7 Nc3 42. Nf5 Rc7 43. Ne3+ Kc5 44. Rc1 Kb4 45. f4 a4 46.
g4 Kb3 47. g5 a3 48. h5 a2 49. g6 hxg6 50. hxg6 Kb2 51. Rc2+ Kb1 52. Rxa2 Kxa2
53. f5 Ne4 54. Ke2 b5 55. Nd5 Rg7 56. Kf3 Nd6 57. Kf4 Kb3 58. Kg5 Kc4 59. Nf4
Ne4+ 60. Kh6 Ra7 61. g7 Nf6 62. Kg6 Ng8 63. Kh7 Ra8 64. Ne6 b4 65. Nf8 Nf6+ 66.
Kg6 Ra6 67. Ne6 Ng8 68. Kf7 Nh6+ 69. Kg6 Ng8 70. Kf7 1/2-1/2

[Event "Wch Seniors (Women) 23rd 2013"]
[Site "Opatija"]
[Date "2013.11.20"]
[Round "8.3"]
[White "Miednikova, Swietlana"]
[Black "Strutinskaya, Galina N"]
[Result "1/2-1/2"]
[WhiteElo "2166"]
[BlackElo "2299"]
[PlyCount "88"]
[EventDate "2013.11.12"]
[EventRounds "9"]
[EventCountry "CRO"]

1. e4 c5 2. Nf3 Nc6 3. Bb5 e6 4. O-O Nge7 5. c3 a6 6. Be2 d5 7. exd5 Nxd5 8. d4
cxd4 9. Nxd4 Qc7 10. c4 Nf6 11. Nc3 Nxd4 12. Qxd4 Bd6 13. h3 Bd7 14. Bf3 Bc6
15. Bxc6+ Qxc6 16. Bf4 Bc5 17. Qe5 O-O 18. Rad1 Rac8 19. b3 Bb4 20. Ne2 Rfe8
21. Nd4 Qe4 22. Qxe4 Nxe4 23. Nc2 Bf8 24. Be5 f6 25. Bb2 Rc7 26. Rfe1 f5 27.
Be5 Rf7 28. f3 Nc5 29. Re2 g5 30. Red2 h5 31. b4 Na4 32. Rd8 Rxd8 33. Rxd8 Nb6
34. c5 Nd7 35. Bd6 Kg7 36. Bxf8+ Nxf8 37. Kf2 Rd7 38. Rxd7+ Nxd7 39. Ke3 Kf6
40. Kd4 Ne5 41. a4 Nc6+ 42. Kc4 Ne5+ 43. Kd4 Nc6+ 44. Kc4 Ne5+ 1/2-1/2

[Event "Wch Seniors (Women) 23rd 2013"]
[Site "Opatija"]
[Date "2013.11.20"]
[Round "8.4"]
[White "Bogumil, Tatiana"]
[Black "Melashvili, Nino"]
[Result "1-0"]
[WhiteElo "2074"]
[BlackElo "2126"]
[PlyCount "101"]
[EventDate "2013.11.12"]
[EventRounds "9"]
[EventCountry "CRO"]

1. Nf3 Nf6 2. c4 e6 3. b3 b6 4. g3 Bb7 5. Bg2 Be7 6. Bb2 d6 7. d4 Nbd7 8. O-O
O-O 9. Nc3 Ne4 10. Qc2 Nxc3 11. Bxc3 f5 12. Ne1 Bxg2 13. Nxg2 e5 14. dxe5 dxe5
15. Ne3 g6 16. Nd5 Bd6 17. Rad1 Qe8 18. b4 a5 19. a3 Qe6 20. Qd2 axb4 21. axb4
Rfd8 22. Qb2 c6 23. Ne3 Be7 24. b5 f4 25. gxf4 exf4 26. Ng2 g5 27. bxc6 Qxc6
28. Rd5 Qxc4 29. e4 Ra2 30. Qb1 Nc5 31. Rfd1 Rxd5 32. exd5 Qe2 33. Bd4 Bd6 34.
Re1 Qc2 35. Qxb6 Ne4 36. Qd8+ Bf8 37. Qe8 Nc5 38. Qe5 Qg6 39. d6 Nd3 40. Qd5+
Qf7 41. Qxg5+ Qg6 42. Qd5+ Qf7 43. Qg5+ Qg6 44. Qxg6+ hxg6 45. d7 Nxe1 46. d8=Q
Nf3+ 47. Kh1 Nxd4 48. Qd5+ Kh7 49. Qxa2 g5 50. Qb1+ Kg7 51. Qe4 1-0

[Event "Wch Seniors (Women) 23rd 2013"]
[Site "Opatija"]
[Date "2013.11.20"]
[Round "8.5"]
[White "Beltz, Martina"]
[Black "Khropova, Larisa"]
[Result "0-1"]
[WhiteElo "2100"]
[BlackElo "2009"]
[PlyCount "123"]
[EventDate "2013.11.12"]
[EventRounds "9"]
[EventCountry "CRO"]

1. d4 d5 2. Nf3 Nf6 3. e3 Bf5 4. Bd3 Bg4 5. Nbd2 e6 6. c3 c6 7. e4 dxe4 8. Nxe4
Nxe4 9. Bxe4 Bd6 10. h3 Bh5 11. O-O Nd7 12. Re1 O-O 13. Bc2 Bg6 14. Bxg6 hxg6
15. Bg5 Qc7 16. Qd3 Rfe8 17. Re2 Qa5 18. a3 Qf5 19. Qd2 f6 20. Bh4 Nb6 21. Rae1
g5 22. Bg3 Bf4 23. Qd1 Kf7 24. Re4 Bxg3 25. fxg3 Nc4 26. Qe2 Nd6 27. Re3 Qd5
28. Nh2 Nf5 29. Qh5+ Kg8 30. Rf3 c5 31. Ng4 Rf8 32. dxc5 Qxc5+ 33. Kh2 Qd6 34.
Qg6 Qd7 35. Rf2 Qf7 36. Qxf7+ Kxf7 37. Rd2 Rad8 38. Red1 Ke7 39. Nf2 Ne3 40.
Rxd8 Rxd8 41. Rxd8 Kxd8 42. g4 Nc4 43. Nd1 b5 44. Kg3 Kc7 45. Kf3 Kb6 46. Ke4
Kc5 47. g3 g6 48. h4 f5+ 49. gxf5 exf5+ 50. Kd3 gxh4 51. gxh4 Kd5 52. b3 Nxa3
53. Nf2 Ke5 54. Nh3 a5 55. c4 bxc4+ 56. bxc4 a4 57. Kc3 Ke4 58. Nf2+ Ke3 59.
Nd1+ Ke2 60. Nb2 f4 61. Nd3 f3 62. Nf4+ 0-1

[Event "Wch Seniors (Women) 23rd 2013"]
[Site "Opatija"]
[Date "2013.11.20"]
[Round "8.6"]
[White "Baliuniene, Margarita"]
[Black "Titorenko, Natalia I"]
[Result "1-0"]
[WhiteElo "1885"]
[BlackElo "2143"]
[PlyCount "123"]
[EventDate "2013.11.12"]
[EventRounds "9"]
[EventCountry "CRO"]

1. d4 c5 2. e3 Nf6 3. Nf3 g6 4. c4 Bg7 5. Nc3 O-O 6. Be2 cxd4 7. exd4 d5 8.
cxd5 Nxd5 9. O-O Nc6 10. Be3 Qa5 11. Qb3 Nxe3 12. fxe3 Qb4 13. Qxb4 Nxb4 14.
Rac1 Bh6 15. Kf2 Bf5 16. Nh4 Be6 17. a3 Nd5 18. Nxd5 Bxd5 19. Rc5 e6 20. Bf3
Bg5 21. g3 Be7 22. Rc2 Rfd8 23. Bxd5 Rxd5 24. Nf3 Rb5 25. Ke2 Bd6 26. Nd2 Rd8
27. Ne4 Be7 28. Rfc1 Kg7 29. Nc3 Rb3 30. Na4 Rd7 31. Rc3 Rxc3 32. Rxc3 Bd6 33.
Nc5 Rc7 34. Kd3 h5 35. e4 h4 36. e5 Bxc5 37. Rxc5 Rd7 38. gxh4 Kh6 39. Ke4 b6
40. Rc8 Kh5 41. Rh8+ Kg4 42. Rh7 Rc7 43. Kd3 Rb7 44. Kc4 Rd7 45. b4 a6 46. Kd3
b5 47. Ke4 Rc7 48. Kd3 Rd7 49. Rh8 Ra7 50. Ke4 a5 51. Rb8 axb4 52. axb4 Kxh4
53. Rxb5 Kh3 54. Ra5 Rb7 55. b5 Kxh2 56. d5 exd5+ 57. Kxd5 g5 58. Kc6 Re7 59.
b6 f6 60. exf6 Re6+ 61. Kc7 Rxf6 62. Rxg5 1-0

[Event "Wch Seniors (Women) 23rd 2013"]
[Site "Opatija"]
[Date "2013.11.20"]
[Round "8.7"]
[White "Kierzek, Mira"]
[Black "Khalturina, Tatiana"]
[Result "1/2-1/2"]
[WhiteElo "2005"]
[BlackElo "1823"]
[PlyCount "76"]
[EventDate "2013.11.12"]
[EventRounds "9"]
[EventCountry "CRO"]

1. d4 d5 2. c4 c6 3. Nf3 Nf6 4. Nc3 e6 5. Bg5 Be7 6. e3 h6 7. Bh4 Nbd7 8. Bd3
a6 9. O-O b5 10. b3 b4 11. Ne2 Ne4 12. Bxe7 Qxe7 13. Rc1 Bb7 14. cxd5 exd5 15.
Ne1 O-O 16. Bb1 Qd6 17. Nd3 a5 18. f3 Ng5 19. Nf2 Ba6 20. Re1 c5 21. dxc5 Nxc5
22. Nf4 Rfd8 23. Qd2 Nge6 24. Qc2 Rac8 25. Qh7+ Kf8 26. Rcd1 Qe5 27. Ng4 Qg5
28. g3 Rd6 29. h4 Qd8 30. Qf5 Nxf4 31. exf4 Re6 32. Qh7 Qb6 33. Kh2 Rxe1 34.
Rxe1 Ne6 35. f5 Qd4 36. fxe6 Qd2+ 37. Kh3 Qxe1 38. Bd3 Bxd3 1/2-1/2

[Event "Wch Seniors (Women) 23rd 2013"]
[Site "Opatija"]
[Date "2013.11.20"]
[Round "8.8"]
[White "Milligan, Helen"]
[Black "Milashevskaja, Valentina"]
[Result "0-1"]
[WhiteElo "1977"]
[BlackElo "1814"]
[PlyCount "176"]
[EventDate "2013.11.12"]
[EventRounds "9"]
[EventCountry "CRO"]

1. e4 d5 2. exd5 Qxd5 3. Nc3 Qa5 4. d4 Nf6 5. Nf3 Bg4 6. Be2 Nc6 7. h3 Bh5 8.
g4 Bg6 9. Bd2 a6 10. O-O O-O-O 11. Ne4 Qb6 12. Nxf6 exf6 13. Bc3 h5 14. Bd3
hxg4 15. hxg4 Bd6 16. Kg2 Bf4 17. Bxg6 fxg6 18. Rh1 Ne7 19. Qe2 Rhe8 20. Rae1
Qc6 21. Qe6+ Qxe6 22. Rxe6 Kd7 23. Rhe1 g5 24. R6e4 Nd5 25. Rxe8 Rxe8 26. Rxe8
Kxe8 27. Be1 Bc1 28. b3 Bb2 29. Kf1 c6 30. a4 Kd7 31. Bd2 Bc3 32. Ke2 Bxd2 33.
Kxd2 Kd6 34. c4 Nf4 35. Ne1 g6 36. Nc2 Ne6 37. Kd3 a5 38. c5+ Kd7 39. Ne3 Nf4+
40. Kc4 Nh3 41. d5 Nxf2 42. d6 Ne4 43. Kd4 Nd2 44. Kc3 Nf3 45. b4 axb4+ 46.
Kxb4 Ne5 47. Ka5 Kc8 48. Kb4 Nd3+ 49. Kc4 Ne5+ 50. Kb4 Nd7 51. Kc4 Kd8 52. Kd4
Ne5 53. Ke4 Kd7 54. Kd4 Ke6 55. Ke4 Nd7 56. Kd4 f5 57. gxf5+ gxf5 58. Nc4 f4
59. a5 f3 60. Ne3 f2 61. Nf1 g4 62. Ng3 Ne5 63. Ke3 Nc4+ 64. Kxf2 Nxa5 65. Ke3
Nc4+ 66. Kd4 Ne5 67. Ke4 Nd7 68. Kd4 Kf6 69. Ne4+ Kf5 70. Ke3 Ke5 71. Nf2 Nxc5
72. Nxg4+ Kxd6 73. Kd4 Ne6+ 74. Kc4 b5+ 75. Kb4 Nc7 76. Nf2 Kd5 77. Nd1 c5+ 78.
Kb3 Kd4 79. Nb2 Nd5 80. Nd1 Ne3 81. Nc3 c4+ 82. Kb2 b4 83. Na2 Nd5 84. Nc1 Nc3
85. Kc2 Ke3 86. Kb2 Kd2 87. Ka1 Nd1 88. Na2 b3 0-1

[Event "Wch Seniors (Women) 23rd 2013"]
[Site "Opatija"]
[Date "2013.11.20"]
[Round "8.10"]
[White "Hoose, Hannelore"]
[Black "Arginbayeva, Maryana"]
[Result "1-0"]
[WhiteElo "1740"]
[BlackElo "1518"]
[PlyCount "93"]
[EventDate "2013.11.12"]
[EventRounds "9"]
[EventCountry "CRO"]

1. e4 e6 2. d4 d5 3. Nd2 c5 4. exd5 exd5 5. Qe2+ Be7 6. dxc5 Nf6 7. Nb3 Nc6 8.
c3 O-O 9. Be3 Bf5 10. O-O-O a5 11. Nd4 Nxd4 12. Bxd4 Re8 13. Qb5 Qc7 14. Ne2
Bd7 15. Qd3 Bxc5 16. Bxf6 gxf6 17. Nd4 Qf4+ 18. Qd2 Qxd2+ 19. Kxd2 Bxd4 20.
cxd4 b5 21. Bd3 a4 22. Rhe1 b4 23. Rxe8+ Bxe8 24. Rc1 Bd7 25. Rc5 Be6 26. Be2
b3 27. a3 f5 28. Bb5 Kf8 29. Bc6 Ra7 30. Kd3 Ke7 31. Bxd5 Kd6 32. Bf3 h6 33. g3
f6 34. Kc3 Bd7 35. Be2 Rb7 36. Bd3 Rc7 37. Rxc7 Kxc7 38. Kb4 Kb6 39. f4 Bc6 40.
Bxf5 Be8 41. d5 Kc7 42. Kc5 Bd7 43. Bd3 f5 44. Bb5 Bxb5 45. Kxb5 Kd6 46. Kxa4
Kxd5 47. Kxb3 1-0

[Event "Wch Seniors (Women) 23rd 2013"]
[Site "Opatija"]
[Date "2013.11.20"]
[Round "8.11"]
[White "Afanasieva, Elena"]
[Black "Beliaeva, Natalia"]
[Result "0-1"]
[WhiteElo "1625"]
[BlackElo "2027"]
[PlyCount "142"]
[EventDate "2013.11.12"]
[EventRounds "9"]
[EventCountry "CRO"]

1. e4 c6 2. d4 d5 3. exd5 cxd5 4. Bd3 Nc6 5. c3 Nf6 6. Bf4 g6 7. Nf3 Bg7 8.
Nbd2 Bg4 9. Qb3 Bxf3 10. Nxf3 Qc8 11. O-O O-O 12. Rfe1 a6 13. a4 Re8 14. Ne5 e6
15. Qb6 Nh5 16. Bd2 Re7 17. g4 Nf6 18. Bg5 Rc7 19. h3 Ne8 20. Bh4 Nd6 21. Bg3
Bf8 22. Nf3 Rd7 23. Ne5 Nxe5 24. Bxe5 Nc4 25. Qb3 Nd2 26. Qd1 Nc4 27. Qf3 Bg7
28. Bxg7 Kxg7 29. Bxc4 dxc4 30. g5 Qd8 31. Re5 Rc8 32. h4 f6 33. gxf6+ Qxf6 34.
Qg3 Rf8 35. Rae1 Rdf7 36. R1e2 Qf4 37. Rxe6 Qxg3+ 38. fxg3 Rf1+ 39. Kg2 Ra1 40.
Re7+ Rf7 41. d5 Rd1 42. R7e4 b5 43. axb5 axb5 44. Rd4 Rxd4 45. cxd4 Rd7 46. Re5
b4 47. d6 Rxd6 48. Rb5 b3 49. d5 Kf6 50. Rc5 Ke5 51. Rxc4 Rxd5 52. Rf4 Rd2+ 53.
Rf2 Rc2 54. Kf3 Kd4 55. Re2 Kd3 56. Re3+ Kc4 57. Re4+ Kd5 58. Re2 Rxe2 59. Kxe2
Kd4 60. Kd2 h5 61. Ke2 Ke4 62. Kd2 Kf3 63. Kc3 Kxg3 64. Kxb3 Kxh4 65. Kc4 g5
66. b4 g4 67. b5 g3 68. b6 g2 69. b7 g1=Q 70. b8=Q Qg4+ 71. Kd3 Qg3+ 0-1

[Event "Wch Seniors (Women) 23rd 2013"]
[Site "Opatija"]
[Date "2013.11.22"]
[Round "9.1"]
[White "Khropova, Larisa"]
[Black "Ankudinova, Yelena"]
[Result "0-1"]
[WhiteElo "2009"]
[BlackElo "2121"]
[PlyCount "96"]
[EventDate "2013.11.12"]
[EventRounds "9"]
[EventCountry "CRO"]

1. d4 c5 2. c3 Nf6 3. Nf3 Qc7 4. e3 g6 5. Nbd2 Bg7 6. Be2 O-O 7. O-O d6 8. b3
Bf5 9. Bb2 b6 10. Nh4 Bd7 11. e4 a5 12. a4 cxd4 13. cxd4 Nc6 14. Rc1 Qb7 15. d5
Nb4 16. Nhf3 Rfc8 17. Nd4 Rxc1 18. Qxc1 Bh6 19. f3 Rc8 20. Qd1 Qc7 21. Nc4 Qb7
22. Kh1 Na6 23. Nb5 Ne8 24. Qd4 Bg7 25. Qxb6 Qxb6 26. Nxb6 Bxb2 27. Nxc8 Bxc8
28. Na7 Bb7 29. Rb1 Ba3 30. Bxa6 Bxa6 31. Nc6 f5 32. Rd1 fxe4 33. fxe4 Nf6 34.
Nxa5 Nxe4 35. Rd4 Nf2+ 36. Kg1 Bc5 37. Nc6 Bxd4 38. Nxd4 Ne4 39. b4 Nc3 40. b5
Bc8 41. a5 Nxd5 42. Nc6 Kf8 43. Na7 Bb7 44. Kf2 Ke8 45. g3 Kd7 46. Ke2 e5 47.
Kd3 Ne7 48. a6 Kc7 0-1

[Event "Wch Seniors (Women) 23rd 2013"]
[Site "Opatija"]
[Date "2013.11.22"]
[Round "9.3"]
[White "Khmiadashvili, Tamar"]
[Black "Fatalibekova, Elena"]
[Result "1/2-1/2"]
[WhiteElo "2158"]
[BlackElo "2252"]
[PlyCount "117"]
[EventDate "2013.11.12"]
[EventRounds "9"]
[EventCountry "CRO"]

1. Nf3 d5 2. b3 Bg4 3. Bb2 Nf6 4. Ne5 Bf5 5. e3 Nbd7 6. Bd3 Bxd3 7. Nxd3 g6 8.
O-O Bg7 9. f4 O-O 10. a4 c5 11. Ne5 Qc7 12. d3 Ne8 13. d4 cxd4 14. exd4 Rc8 15.
Nc3 Nef6 16. Rf2 a6 17. a5 e6 18. g4 Nxe5 19. fxe5 Nd7 20. g5 Nxe5 21. dxe5
Qxe5 22. Rf3 Qxg5+ 23. Rg3 Qd8 24. Na4 Qxa5 25. Bxg7 Kxg7 26. Qd4+ e5 27. Qxe5+
f6 28. Qd4 Rxc2 29. Rd1 Re8 30. Re3 Qc7 31. Rd2 Rxd2 32. Qxd2 Re5 33. Rxe5 Qxe5
34. Nc5 b6 35. Na4 b5 36. Nc3 d4 37. Ne2 Qe3+ 38. Qxe3 dxe3 39. b4 f5 40. Kg2
g5 41. Kf3 f4 42. h4 h6 43. hxg5 hxg5 44. Kg4 Kf6 45. Ng1 Kg6 46. Ne2 Kf7 47.
Nd4 Kf6 48. Ne2 Ke5 49. Ng1 Ke4 50. Nf3 e2 51. Nxg5+ Kd5 52. Nf3 Ke4 53. Ne1
Kd4 54. Kxf4 Kc3 55. Ke3 Kxb4 56. Kxe2 a5 57. Kd1 a4 58. Kc1 Kb3 59. Nc2
1/2-1/2